[Event "London Classic Open 2017"]
[Site "London ENG"]
[Date "2017.12.09"]
[Round "9.42"]
[White "Quillan, Gary"]
[Black "Stewart, Ashley"]
[Result "1-0"]
[WhiteTitle "IM"]
[WhiteElo "2344"]
[BlackElo "2135"]
[WhiteFideId "401153"]
[BlackFideId "419001"]
[EventDate "2017.12.02"]

1. e4 c5 2. Nf3 g6 3. c3 d5 4. exd5 Qxd5 5. Na3 Bg7 6. Bc4 Qe4+ 7. Be2 Nf6 8.
O-O O-O 9. d4 Nc6 10. dxc5 Rd8 11. Qc2 Bf5 12. Qxe4 Nxe4 13. Be3 e5 14. Ng5 Nxg5
15. Bxg5 f6 16. Be3 Bd3 17. Bxd3 Rxd3 18. Rfd1 Rad8 19. Rxd3 Rxd3 20. Kf1 e4 21.
Nb5 Bf8 22. Ke2 a6 23. Nc7 Kf7 24. Rd1 Ne5 25. Rxd3 exd3+ 26. Kd2 Nc4+ 27. Kxd3
Nxb2+ 28. Kd4 Nd1 29. Kc4 Nxe3+ 30. fxe3 Ke7 31. Kd5 Kd7 32. Ne6 Bh6 33. e4 Bd2
34. c4 Ke7 35. Nd4 Bf4 36. c6 bxc6+ 37. Nxc6+ Kd7 38. g3 Bc7 39. Nd4 g5 40. Ne6
Bb8 41. Nc5+ Ke7 42. Nxa6 Be5 43. Nb4 Kd7 44. Nc6 Bc7 45. e5 fxe5 46. Nxe5+ Ke7
47. g4 h6 48. h3 1-0

[Event "London Classic Open 2017"]
[Site "London ENG"]
[Date "2017.12.09"]
[Round "9.43"]
[White "Radovanovic, Jovica"]
[Black "Olson, Hamish"]
[Result "1/2-1/2"]
[WhiteTitle "FM"]
[WhiteElo "2320"]
[BlackElo "2146"]
[WhiteFideId "915912"]
[BlackFideId "2404257"]
[EventDate "2017.12.02"]

1. d4 d5 2. c4 e6 3. Nf3 Nf6 4. g3 Bb4+ 5. Bd2 Bd6 6. Bg2 O-O 7. Nc3 Nc6 8. O-O
dxc4 9. Qa4 e5 10. d5 Ne7 11. Qxc4 c6 12. dxc6 Nxc6 13. Rad1 Be7 14. Bg5 Be6 15.
Qb5 Qb6 16. Qxb6 axb6 17. a3 Rfd8 18. Rxd8+ Rxd8 19. Rd1 Rxd1+ 20. Nxd1 h6 21.
Be3 Nd5 22. Bd2 Kf8 23. Nc3 Nxc3 24. Bxc3 Bd6 25. Nd2 Ke7 26. e3 Bc7 27. h4 h5
28. f4 exf4 29. gxf4 g6 30. Kf2 Kd7 31. Ne4 Bd8 32. Nf6+ Ke7 33. Kg3 b5 34. Be4
Kd6 35. Bc2 Bb6 36. Kf3 Bd8 37. Ne4+ Kc7 38. Ng5 Bg4+ 39. Kg2 Bxg5 40. hxg5 Be6
41. e4 Kd6 42. Kg3 Bc4 43. Kf2 Ba2 44. b4 Bc4 45. Ke3 h4 46. Kf3 h3 47. Kg3 Bf1
48. Bb3 Ke7 49. f5 Bd3 50. Bd5 gxf5 51. Bf6+ Ke8 52. exf5 Bxf5 53. Bf3 Bd7 54.
Be4 b6 1/2-1/2

[Event "London Classic Open 2017"]
[Site "London ENG"]
[Date "2017.12.09"]
[Round "9.44"]
[White "Murphy, Conor E"]
[Black "Van Zyl-Rudd, Jack"]
[Result "1-0"]
[WhiteTitle "FM"]
[BlackTitle "FM"]
[WhiteElo "2313"]
[BlackElo "2153"]
[WhiteFideId "421669"]
[BlackFideId "14309017"]
[EventDate "2017.12.02"]

1. c4 Nf6 2. g3 e6 3. Bg2 d5 4. Nf3 Be7 5. O-O O-O 6. b3 b6 7. Bb2 Bb7 8. e3 c5
9. Nc3 dxc4 10. bxc4 Nc6 11. Qe2 Rc8 12. Rac1 Nb4 13. d4 Bxf3 14. Bxf3 cxd4 15.
exd4 Qxd4 16. Rfd1 Qc5 17. Nb5 Nxa2 18. Ra1 Nb4 19. Rxa7 Rfe8 20. Bxf6 gxf6 21.
Rdd7 Nc6 22. Bxc6 Rxc6 23. Qd3 f5 24. Rxe7 1-0

[Event "London Classic Open 2017"]
[Site "London ENG"]
[Date "2017.12.09"]
[Round "9.45"]
[White "Ojas, Kulkarni"]
[Black "Englisch, Colya"]
[Result "1-0"]
[WhiteElo "2278"]
[BlackElo "2128"]
[WhiteFideId "25040073"]
[BlackFideId "36080420"]
[EventDate "2017.12.02"]

1. c4 g6 2. g3 Bg7 3. Bg2 c5 4. Nc3 Nc6 5. d3 e6 6. h4 h6 7. Nh3 Nge7 8. Nf4 b6
9. Bd2 Bb7 10. a3 d6 11. b4 Qd7 12. Rc1 O-O 13. O-O Rfd8 14. Qa4 Nf5 15. Rfd1
Bd4 16. e3 Bg7 17. Be1 Qc8 18. Nfe2 Ne5 19. e4 Nd4 20. Nxd4 cxd4 21. Ne2 Ng4 22.
Qc2 Qd7 23. Nf4 g5 24. hxg5 hxg5 25. Nh3 f6 26. Qe2 e5 27. Bd2 Nh6 28. Qh5 Bc8
29. f4 gxf4 30. gxf4 Qg4 31. Qxg4 Bxg4 32. Re1 Nf7 33. Nf2 Bh5 34. Bh3 exf4 35.
Bxf4 Ne5 36. Bxe5 fxe5 37. Bg4 Bxg4 38. Nxg4 Rac8 39. a4 Rf8 40. Rf1 Rxf1+ 41.
Rxf1 Rf8 42. Rf5 a5 43. b5 Rf7 44. Kg2 Kf8 45. Kg3 Ke7 46. Rxf7+ Kxf7 47. Kh4
Kg6 48. Nh2 Bf6+ 49. Kg4 Bg5 50. Nf3 Bd8 51. Ng1 Bg5 52. Ne2 Bd2 53. Ng3 Bb4 54.
Nf5 Kf6 55. Kh5 Ba3 56. Kh6 Bc1+ 57. Kh5 Ba3 58. Nh6 Bc1 59. Ng4+ Kf7 60. Nf2
Kf6 61. Nd1 Kf7 62. Nf2 Kf6 63. Ng4+ Kf7 64. Nh2 Kf6 65. Nf3 Be3 66. Nh4 Bc1 67.
Nf5 Ba3 68. Nh6 Bc1 69. Ng4+ Kf7 70. c5 Ba3 71. c6 Ke6 72. Nf6 Bb4 73. c7 1-0

[Event "London Classic Open 2017"]
[Site "London ENG"]
[Date "2017.12.09"]
[Round "9.46"]
[White "Klingher, Dominic"]
[Black "Perez, Flavio"]
[Result "0-1"]
[BlackTitle "FM"]
[WhiteElo "2153"]
[BlackElo "2276"]
[WhiteFideId "428850"]
[BlackFideId "623911"]
[EventDate "2017.12.02"]

1. e4 c5 2. Nf3 e6 3. d4 cxd4 4. Nxd4 Nc6 5. Nc3 Qc7 6. Be3 a6 7. Qf3 Nf6 8.
O-O-O Bb4 9. Nde2 b5 10. Bf4 Qa5 11. e5 Bxc3 12. Nxc3 b4 13. exf6 bxc3 14. fxg7
cxb2+ 15. Kb1 Rg8 16. Qh3 h5 17. Be2 Nb4 18. Qb3 Nd5 19. Bf3 Nc3+ 20. Kxb2 Nxd1+
21. Rxd1 d5 22. Rxd5 exd5 23. Bxd5 Ra7 24. Bc6+ Rd7 25. Qb8 Ke7 26. Bxd7 Kxd7
27. Qd6+ Ke8 28. Bh6 Qd8 29. Qf8+ Kd7 30. Qxf7+ Kc6 31. Qxh5 Be6 32. Qf3+ Qd5
33. Qc3+ Kd7 34. Bf4 Rc8 35. Qd2 Rb8+ 36. Ka3 Qxd2 37. Bxd2 Ke7 38. h4 Kf7 39.
Bc3 Rc8 40. Kb2 Bxa2 41. h5 Be6 42. f3 Bd5 43. Bd4 Kg8 44. h6 Kh7 45. g4 Bxf3
46. g5 Be4 47. c3 Bd5 48. Ka3 Rb8 49. Ka4 Bc4 50. Ka5 Rb5+ 51. Kxa6 Rxg5+ 52.
Kb6 Rg3 53. Kc5 Bg8 54. Kd6 Rg6+ 55. Ke5 Kxh6 56. Ke4 Kg5 57. Be3+ Kg4 58. Bd4
Re6+ 59. Kd5 Kf5 60. Kc5 Ke4 61. Kb4 Rc6 0-1

[Event "London Classic Open 2017"]
[Site "London ENG"]
[Date "2017.12.09"]
[Round "9.47"]
[White "Lyell, Mark"]
[Black "Ongut, Tamas Gunes"]
[Result "0-1"]
[WhiteTitle "FM"]
[WhiteElo "2264"]
[BlackElo "2119"]
[WhiteFideId "402354"]
[BlackFideId "770280"]
[EventDate "2017.12.02"]

1. e4 e5 2. Nf3 Nc6 3. d4 exd4 4. Nxd4 Nf6 5. Nxc6 bxc6 6. e5 Qe7 7. Qe2 Nd5 8.
g3 g6 9. Bg2 Bg7 10. c4 Ba6 11. O-O O-O 12. Nd2 Nb6 13. Re1 Rae8 14. Qd3 f6 15.
e6 f5 16. a4 d5 17. Ra2 dxc4 18. Qf3 Nd5 19. b3 c3 20. Nc4 Qb4 21. Qd1 Bxc4 22.
bxc4 Qxc4 23. Qe2 Qxe2 24. Raxe2 Rb8 25. Ba3 Rfe8 26. Rd1 Rb3 27. Bc5 Rb2 28.
Kf1 Rxe2 29. Kxe2 Rxe6+ 30. Kd3 Nb6 31. Rb1 Nxa4 32. Rb8+ Kf7 33. Be3 Nb2+ 34.
Kc2 Nc4 35. Bc1 Re2+ 36. Kd3 Rxf2 37. Kxc4 Rxg2 38. Bf4 g5 39. Bxg5 Kg6 40. Bf4
c2 41. Kd3 Bh6 0-1

[Event "London Classic Open 2017"]
[Site "London ENG"]
[Date "2017.12.09"]
[Round "9.48"]
[White "Ronka, Erik"]
[Black "Rocco, Federico"]
[Result "1-0"]
[WhiteElo "2260"]
[BlackElo "2120"]
[WhiteFideId "505080"]
[BlackFideId "431362"]
[EventDate "2017.12.02"]

1. d4 d5 2. Nc3 Nf6 3. Bf4 e6 4. e3 Bd6 5. Bg3 a6 6. Nf3 Nc6 7. Ne5 Bxe5 8. dxe5
Nd7 9. Qg4 Ndxe5 10. Qxg7 Ng6 11. h4 Nce7 12. Bd3 h5 13. O-O-O Bd7 14. e4 c6 15.
exd5 cxd5 16. Bxg6 Nxg6 17. Rhe1 Bc6 18. f4 Qc7 19. Rxe6+ Kd8 20. Rxg6 Re8 21.
f5 1-0

[Event "London Classic Open 2017"]
[Site "London ENG"]
[Date "2017.12.09"]
[Round "9.49"]
[White "Lercel, Michal"]
[Black "Russell, Christopher"]
[Result "1-0"]
[WhiteElo "2244"]
[BlackElo "2103"]
[WhiteFideId "1114700"]
[BlackFideId "413569"]
[EventDate "2017.12.02"]

1. Nf3 e6 2. c4 f5 3. g3 Nf6 4. Bg2 Be7 5. O-O O-O 6. d3 d6 7. Nc3 Nc6 8. e4 e5
9. exf5 Bxf5 10. d4 Bg4 11. h3 exd4 12. hxg4 dxc3 13. g5 cxb2 14. Bxb2 Ne8 15.
Re1 Qd7 16. Qd5+ Kh8 17. Re2 Qf5 18. Qxf5 Rxf5 19. Nh4 Re5 20. Bxe5 dxe5 21.
Bxc6 bxc6 22. Rxe5 Bb4 23. Rb1 a5 24. c5 Bc3 25. Re6 Kg8 26. Nf3 Kf7 27. Re3 Bb4
28. Rc1 a4 29. Rc4 1-0

[Event "London Classic Open 2017"]
[Site "London ENG"]
[Date "2017.12.09"]
[Round "9.50"]
[White "Marusenko, Petr"]
[Black "Blasco Coll, Andreu"]
[Result "0-1"]
[WhiteTitle "IM"]
[WhiteElo "2145"]
[BlackElo "2236"]
[WhiteFideId "14100606"]
[BlackFideId "22272836"]
[EventDate "2017.12.02"]

1. d4 Nf6 2. c4 g6 3. Nc3 d5 4. Nf3 Bg7 5. Bg5 Ne4 6. cxd5 Nxg5 7. Nxg5 O-O 8.
Nf3 c6 9. e3 cxd5 10. Be2 Nc6 11. O-O e5 12. dxe5 Nxe5 13. Qb3 Nxf3+ 14. Bxf3 d4
15. Rfd1 Be6 16. Qa3 d3 17. Rd2 Bc4 18. Rad1 Re8 19. Ne4 Be5 20. Rc1 Ba6 21. Nc5
Rc8 22. b4 Bb5 23. Bxb7 Rc7 24. Be4 Qf6 25. Bxd3 Bxd3 26. Qxd3 a5 27. Qb5 Ra8
28. Rcd1 Qh4 29. f4 Bc3 30. Rd3 Bxb4 31. Na6 Rc2 32. Rf1 Qg4 33. Rf2 Rxf2 34.
Kxf2 Qh4+ 35. Kf3 Be1 36. Ke4 Qxh2 37. Nc7 Qxg2+ 38. Kd4 Rd8+ 39. Nd5 h5 40. Kc4
Qxa2+ 41. Kc5 Qc2+ 42. Kd4 h4 43. f5 g5 44. Ke5 Kg7 45. Qa6 Bg3+ 46. Ke4 Qg2+ 0-1

[Event "London Classic Open 2017"]
[Site "London ENG"]
[Date "2017.12.09"]
[Round "9.51"]
[White "Barj, Julien"]
[Black "Guo, Emma"]
[Result "1/2-1/2"]
[BlackTitle "WIM"]
[WhiteElo "2226"]
[BlackElo "2081"]
[WhiteFideId "629200"]
[BlackFideId "3200795"]
[EventDate "2017.12.02"]

1. e4 e5 2. Nf3 Nc6 3. Bb5 f5 4. d3 fxe4 5. dxe4 Nf6 6. O-O Bc5 7. Bxc6 bxc6 8.
Nxe5 O-O 9. Nd3 Nxe4 10. Nxc5 Nxc5 11. Be3 Ne4 12. f3 Nf6 13. Nc3 Qe8 14. Qd2 d6
15. Kh1 Qg6 16. Rfe1 Re8 17. Rac1 Bd7 18. Ne2 Qf7 19. c4 c5 20. Bg5 Bc6 21. b4
Nd7 22. bxc5 Nxc5 23. Nd4 Bd7 24. Be3 Rab8 25. Red1 Re7 26. Bg5 Re5 27. Bf4 Re7
28. Bg3 Ne6 29. Nb3 Bc6 30. Rf1 Rd7 31. Qa5 Rb6 32. Bf2 Rb8 33. Bxa7 Ra8 34. Qa6
Rdd8 35. Qxc6 Rxa7 36. Rc2 Rda8 37. Rff2 Ra3 38. Qe4 Nf4 39. Qd4 Qe6 40. Rf1 Qf5
41. Qd2 Qd3 42. Qxd3 Nxd3 43. Rd2 Ne5 44. c5 Rxa2 45. Rxa2 Rxa2 46. cxd6 cxd6
47. h3 Kf7 48. Rd1 Nc4 49. Rd4 Ne3 50. Rxd6 1/2-1/2

[Event "London Classic Open 2017"]
[Site "London ENG"]
[Date "2017.12.09"]
[Round "9.52"]
[White "Stigar, Petter"]
[Black "Compton, Alistair"]
[Result "1/2-1/2"]
[WhiteTitle "FM"]
[WhiteElo "2214"]
[BlackElo "2071"]
[WhiteFideId "1500341"]
[BlackFideId "4300645"]
[EventDate "2017.12.02"]

1. c4 e6 2. Nf3 d5 3. d4 c5 4. cxd5 exd5 5. Nc3 Nc6 6. e3 Nf6 7. Bb5 Bd6 8. dxc5
Bxc5 9. O-O O-O 10. b3 a6 11. Bxc6 bxc6 12. Bb2 Bg4 13. Rc1 Qd6 14. Qc2 Ba7 15.
Ne2 Bxf3 16. gxf3 Rac8 17. Ng3 Qe6 18. Qf5 Nd7 19. f4 Rfe8 20. Rfd1 Bc5 21. Qd3
Be7 22. Qxa6 Bf6 23. f5 Qe7 24. Qe2 Bxb2 25. Qxb2 Ne5 26. Kg2 Ng4 27. Qd4 Nf6
28. b4 h5 29. Qh4 Ra8 30. Rd2 Ra4 31. Rxc6 Rxb4 32. Rd4 Rb2 33. Rxf6 Qxf6 34.
Qxf6 gxf6 35. Nxh5 Rxe3 36. Nxf6+ Kg7 37. Nxd5 Ree2 38. f6+ Kh6 39. Rf4 Red2 40.
Ne3 Rxa2 41. Kg3 Kh7 42. Nf5 Ra1 43. Kg2 Raa2 44. h3 Rab2 45. Ne3 Ra2 46. Ng4
Ra5 47. Re4 Rdd5 48. Re7 Kg6 49. Re8 Kh7 50. Kg3 Rab5 51. Rf8 Rb7 52. h4 Ra7 53.
f3 Rb7 54. Re8 Rbb5 55. Re7 Kg6 56. Re8 Kh7 57. Re7 Kg6 58. Re8 1/2-1/2

[Event "London Classic Open 2017"]
[Site "London ENG"]
[Date "2017.12.09"]
[Round "9.53"]
[White "Coote, Trevor D"]
[Black "Guelsen, Taylan"]
[Result "0-1"]
[WhiteElo "2104"]
[BlackElo "2213"]
[WhiteFideId "410039"]
[BlackFideId "24603635"]
[EventDate "2017.12.02"]

1. e4 c5 2. Nf3 e6 3. d4 cxd4 4. Nxd4 Nc6 5. c4 Nf6 6. Nc3 Bb4 7. Nxc6 bxc6 8.
Bd3 e5 9. O-O O-O 10. h3 h6 11. Ne2 d5 12. cxd5 cxd5 13. Ng3 Be6 14. Be3 a5 15.
a3 Be7 16. Kh2 Rb8 17. Qe2 Nxe4 18. Bxe4 dxe4 19. Nxe4 Qd5 20. Nd2 Rxb2 21. Qh5
Rxd2 22. Bxd2 Qxd2 23. Rad1 Qf4+ 24. g3 Qf5 25. Qxf5 Bxf5 26. Rd5 Bxa3 27. Rxe5
Bd3 28. Rd1 Bc2 29. Rd2 Bg6 30. f4 Bb4 31. Rd7 Bc2 32. Re2 Bb3 33. Rb7 Rd8 34.
f5 h5 35. g4 Bd5 0-1

[Event "London Classic Open 2017"]
[Site "London ENG"]
[Date "2017.12.09"]
[Round "9.54"]
[White "Haribalu, V."]
[Black "Kim, Jinsoo"]
[Result "1-0"]
[WhiteElo "2205"]
[BlackElo "1986"]
[WhiteFideId "5015189"]
[BlackFideId "13202405"]
[EventDate "2017.12.02"]

1. e4 c5 2. Nc3 d6 3. f4 g6 4. Nf3 Bg7 5. Bc4 e6 6. d4 cxd4 7. Nxd4 Ne7 8. Ndb5
O-O 9. Qxd6 Bd7 10. Be3 Nc8 11. Qd2 a6 12. Nd4 b5 13. Bb3 b4 14. Nce2 e5 15.
fxe5 Qh4+ 16. Ng3 Bxe5 17. O-O Bg7 18. Bd5 Ra7 19. Qxb4 Ne7 20. Bxf7+ Kh8 21.
Bb3 Rxf1+ 22. Rxf1 Nbc6 23. Nxc6 Bxc6 24. Qb8+ 1-0

[Event "London Classic Open 2017"]
[Site "London ENG"]
[Date "2017.12.09"]
[Round "9.55"]
[White "Luncasu, Raul-Ionut"]
[Black "Stoyanov, Viktor"]
[Result "1-0"]
[WhiteElo "2191"]
[BlackElo "1950"]
[WhiteFideId "1206222"]
[BlackFideId "450308"]
[EventDate "2017.12.02"]

1. e4 e5 2. Nf3 Nc6 3. Bb5 a6 4. Ba4 Nf6 5. O-O Be7 6. Re1 b5 7. Bb3 d6 8. c3
O-O 9. h3 Nd7 10. d4 Bb7 11. a4 exd4 12. cxd4 Bf6 13. Nc3 bxa4 14. Rxa4 Nb6 15.
Ra1 Re8 16. Nd5 Nxd5 17. Bxd5 Rb8 18. Qb3 Rf8 19. Qc4 Nb4 20. Bxb7 Rxb7 21. Ra4
d5 22. exd5 Nxd5 23. Qxa6 Rb6 24. Qd3 Rd6 25. Ra5 Nb4 26. Qc4 Nc6 27. Rc5 Nxd4
28. Nxd4 Rxd4 29. Qc2 Rd7 30. Bf4 Qb8 31. b3 Rc8 32. Bxc7 Qb4 33. Ba5 1-0

[Event "London Classic Open 2017"]
[Site "London ENG"]
[Date "2017.12.09"]
[Round "9.56"]
[White "Ilfeld, Etan"]
[Black "Gu, In Jung"]
[Result "1-0"]
[WhiteElo "2186"]
[BlackElo "1664"]
[WhiteFideId "2803470"]
[BlackFideId "13200232"]
[EventDate "2017.12.02"]

1. e4 c5 2. Nf3 d6 3. d4 cxd4 4. Nxd4 Nf6 5. Nc3 a6 6. f3 e6 7. Be3 Be7 8. Qd2
O-O 9. g4 Qc7 10. g5 Nfd7 11. h4 b5 12. h5 b4 13. Nce2 Ne5 14. b3 Nbc6 15. Bg2
Bb7 16. O-O Rad8 17. Bh3 d5 18. f4 Nxd4 19. Nxd4 Nc6 20. e5 Nxd4 21. Bxd4 Bc5
22. Rf2 Bxd4 23. Qxd4 Qc3 24. Qxc3 bxc3 25. Bg2 Rd7 26. Rd1 a5 27. Rd4 Ra8 28.
Rf3 Rc7 29. a4 Bc8 30. Rdd3 Ba6 31. Rxc3 Rac8 32. Rxc7 Rxc7 33. Rf2 Rc3 34. Rd2
Kf8 35. Kf2 Ke7 36. Bf3 f6 37. Bg4 fxe5 38. fxe5 Kf7 39. Kg2 Re3 40. Rf2+ Ke8
41. Bxe6 Rxe5 42. Bf7+ Kd7 43. g6 h6 44. Bg8 Be2 45. Rf7+ Ke8 46. Ra7 d4 47. Bc4
Bxh5 48. Bb5+ Kf8 49. Rxa5 Bxg6 50. Ra8+ Ke7 51. Ra7+ Kf6 52. Ra6+ Kg5 53. Bd3
Bxd3 54. cxd3 Re3 55. b4 Rxd3 56. b5 Kf4 57. Ra7 Ke3 58. a5 Rd2+ 59. Kg3 d3 60.
b6 Rb2 61. Re7+ Kd4 62. b7 d2 63. Rd7+ Kc5 64. a6 Kc6 65. Rxd2 Rb3+ 66. Kg4 Kc7
67. Rc2+ Kb8 68. Rc8+ 1-0

[Event "London Classic Open 2017"]
[Site "London ENG"]
[Date "2017.12.09"]
[Round "9.57"]
[White "Abrahams, Daniel"]
[Black "Oyama, Akito"]
[Result "0-1"]
[WhiteElo "2130"]
[BlackElo "2185"]
[WhiteFideId "2606879"]
[BlackFideId "7001630"]
[EventDate "2017.12.02"]

1. c4 e5 2. Nc3 Nc6 3. Nf3 Nf6 4. g3 Bc5 5. Bg2 d6 6. O-O a6 7. e3 O-O 8. Qc2
Bg4 9. b3 Qd7 10. Bb2 Bh3 11. Nh4 Bxg2 12. Kxg2 d5 13. cxd5 Nxd5 14. Nxd5 Qxd5+
15. e4 Qd6 16. Nf5 Nb4 17. Qc4 b5 18. Nxd6 bxc4 19. Nxc4 f6 20. Bc3 Rfd8 21.
Rfc1 Rd7 22. Ne3 Bxe3 23. dxe3 Nd3 24. Rc2 Kf7 25. Ba5 c5 26. Kf3 Ke6 27. Rd1
Rc8 28. Ke2 c4 29. f3 Rc5 30. Bb6 cxb3 31. Rxc5 Nxc5 32. axb3 Nxb3 33. Rb1 Rd2+
34. Ke1 Rd3 35. f4 a5 36. Rd1 Rc3 37. f5+ Ke7 38. Ke2 a4 39. Rd8 Rc6 40. Rb8 Rd6
41. Rb7+ Ke8 42. Ra7 Rxb6 43. Rxa4 Nc5 44. Ra8+ Kf7 45. Rc8 Rb2+ 46. Kf3 Nd7 47.
h3 h6 48. h4 Nb6 49. Rc7+ Kg8 50. g4 Rh2 51. Kg3 Rh1 52. Rc6 Na4 53. Rc8+ Kh7
54. Rc2 Rb1 55. Rc7 Rd1 56. Kf3 Rh1 57. Kg3 Nb2 58. Rc2 Nd1 59. Rc1 Re1 0-1

[Event "London Classic Open 2017"]
[Site "London ENG"]
[Date "2017.12.09"]
[Round "9.58"]
[White "Lee, Kyungseok"]
[Black "Mozes, Ervin"]
[Result "1/2-1/2"]
[BlackTitle "IM"]
[WhiteElo "1975"]
[BlackElo "2177"]
[WhiteFideId "13202154"]
[BlackFideId "1200151"]
[EventDate "2017.12.02"]

1. d4 Nf6 2. Nf3 d6 3. c4 c6 4. Nc3 Bf5 5. Nh4 Bc8 6. g3 e5 7. Bg2 Be7 8. dxe5
dxe5 9. O-O Qxd1 10. Rxd1 Be6 11. b3 Nbd7 12. Bb2 O-O-O 13. Nf3 Ne8 14. Ne4 f6
15. Rac1 Kc7 16. Kf1 Rf8 17. h4 h6 18. Nc3 Nd6 19. Nd5+ Bxd5 20. cxd5 c5 1/2-1/2

[Event "London Classic Open 2017"]
[Site "London ENG"]
[Date "2017.12.09"]
[Round "9.59"]
[White "Maroroa, Sue"]
[Black "Richardson, John R"]
[Result "0-1"]
[WhiteTitle "WIM"]
[BlackTitle "FM"]
[WhiteElo "2111"]
[BlackElo "2243"]
[WhiteFideId "4301498"]
[BlackFideId "401617"]
[EventDate "2017.12.02"]

1. e4 d5 2. exd5 Qxd5 3. Nc3 Qa5 4. d4 Nf6 5. Bc4 Bf5 6. Nf3 e6 7. O-O Bb4 8.
Bd2 Nc6 9. a3 Bxc3 10. Bxc3 Qb6 11. Qe2 O-O-O 12. a4 a5 13. Ne5 Nxd4 14. Qe3
Rhf8 15. Rad1 c5 16. Bb3 Nd5 17. Bxd5 Rxd5 18. Nc4 Qa6 19. Bxd4 Qxc4 20. Bxg7
Rg8 21. b3 Qe4 22. Rxd5 Qxd5 23. c4 Qc6 24. Qc3 f6 25. Qxf6 Qd7 26. Bh6 Bh3 27.
Bg5 Qd4 28. Qxd4 cxd4 29. gxh3 Rxg5+ 30. Kh1 e5 31. f4 Rf5 32. Kg2 Rxf4 33. Re1
Rf5 34. Kg3 Kd7 0-1

[Event "London Classic Open 2017"]
[Site "London ENG"]
[Date "2017.12.09"]
[Round "9.60"]
[White "Yuan, Yuanling"]
[Black "Manole, Stefan"]
[Result "1-0"]
[WhiteTitle "WIM"]
[WhiteElo "2243"]
[BlackElo "2081"]
[WhiteFideId "8604541"]
[BlackFideId "1203274"]
[EventDate "2017.12.02"]

1. e4 c6 2. d4 d5 3. Nc3 dxe4 4. Nxe4 Bf5 5. Ng3 Bg6 6. h4 h6 7. Nf3 Nd7 8. h5
Bh7 9. Bd3 Bxd3 10. Qxd3 Ngf6 11. Bd2 Qc7 12. O-O-O O-O-O 13. Qe2 e6 14. Ne5
Nxe5 15. dxe5 Nd5 16. Rh4 Be7 17. Re4 Kb8 18. f4 Bc5 19. f5 Qe7 20. Rf1 Bb4 21.
c3 Ba5 22. Rg4 Rd7 23. Rxg7 Rhd8 24. f6 Qc5 25. Ne4 Nxc3 26. Bxc3 Qd5 27. Kb1
Bxc3 28. Nxc3 Qa5 29. Rg4 Rd2 30. Qc4 Qb6 31. Qb4 Qe3 32. Qe4 Qb6 33. Qb4 Qe3
34. Qe4 Qb6 35. Na4 Qb5 36. Re1 c5 37. Qc4 Qd7 38. Nc3 Qc6 39. Re2 R2d3 40. Rg8 1-0

[Event "London Classic Open 2017"]
[Site "London ENG"]
[Date "2017.12.09"]
[Round "9.61"]
[White "Duncan, Chris R"]
[Black "Mitra, Roman C"]
[Result "1-0"]
[WhiteTitle "FM"]
[WhiteElo "2242"]
[BlackElo "2100"]
[WhiteFideId "403091"]
[BlackFideId "419540"]
[EventDate "2017.12.02"]

1. c4 e6 2. Nf3 d5 3. e3 Nf6 4. Nc3 c6 5. b3 Be7 6. Bb2 O-O 7. d4 Nbd7 8. Bd3 b6
9. O-O Bb7 10. Qe2 c5 11. cxd5 exd5 12. Rad1 Re8 13. Rfe1 Rc8 14. Bb1 Qc7 15.
Qd3 c4 16. bxc4 Qxc4 17. Ne5 Qxd3 18. Bxd3 Bb4 19. Nxd7 Nxd7 20. Rc1 g6 21. Re2
a6 22. Rec2 Rc7 23. Ne2 Rxc2 24. Rxc2 Bd6 25. Nc1 f5 26. g3 Kf7 27. Kf1 Kf6 28.
Ke2 f4 29. gxf4 Bxf4 30. h3 Kg5 31. Ba3 Kh4 32. Kf3 Bb8 33. Kg2 Nf8 34. Ne2 Ne6
35. Ng1 Ng5 36. Bb4 Kh5 37. Be2+ Kh6 38. f4 Nf7 39. Nf3 Nd6 40. Ne5 Nc4 41. Kf2
b5 42. Rc1 Kg7 43. h4 Bc7 44. h5 Bc8 45. hxg6 hxg6 46. Bd3 Bxe5 47. dxe5 Bf5 48.
Bxf5 gxf5 49. Rg1+ Kf7 50. Rg5 Rh8 51. Rxf5+ Ke8 52. e6 1-0

[Event "London Classic Open 2017"]
[Site "London ENG"]
[Date "2017.12.09"]
[Round "9.62"]
[White "Britton, Richard L"]
[Black "Kalaiyalahan, Akshaya"]
[Result "1-0"]
[WhiteTitle "FM"]
[BlackTitle "FM"]
[WhiteElo "2239"]
[BlackElo "2067"]
[WhiteFideId "401692"]
[BlackFideId "422894"]
[EventDate "2017.12.02"]

1. e4 c5 2. Nf3 Nc6 3. d3 e6 4. g3 Nf6 5. Bg2 Be7 6. O-O O-O 7. Re1 d6 8. Nbd2
Qc7 9. Nf1 Bd7 10. Bf4 Ne5 11. N3d2 Bc6 12. h4 Ned7 13. g4 Rfd8 14. g5 Ne8 15.
Ne3 b5 16. Nd5 Bxd5 17. exd5 e5 18. Bg3 c4 19. dxc4 bxc4 20. b3 Nb6 21. Nf1 f5
22. gxf6 Nxf6 23. Ne3 Qc5 24. Qd2 Nh5 25. Nf5 Bf6 26. b4 Qc7 27. c3 Kh8 28. Re4
a5 29. Rae1 Qa7 30. R1e2 Nxg3 31. Nxg3 Qf7 32. h5 axb4 33. cxb4 Ra3 34. Re1 Rd3
35. Qc1 Nxd5 36. Rxc4 Nf4 37. Be4 d5 38. Rc7 Qe8 39. Bf5 Rd4 40. a3 Nxh5 41. Ne2
Rh4 42. Qc5 g6 43. Bd7 Qg8 44. Rc1 Re4 45. Kf1 Nf4 46. Ng3 Nd3 47. Qc2 Nxc1 48.
Nxe4 dxe4 49. Qxc1 Qd5 50. Bg4 e3 51. Qc6 Qxc6 52. Rxc6 Bg5 53. b5 exf2 54. b6
Rb8 55. a4 Bd2 56. Bc8 Ba5 57. b7 Kg7 58. Ra6 Bc7 59. Ra8 e4 60. a5 e3 61. a6 1-0

[Event "London Classic Open 2017"]
[Site "London ENG"]
[Date "2017.12.09"]
[Round "9.63"]
[White "Bukojemski, Adam"]
[Black "Jyothilal, N."]
[Result "1/2-1/2"]
[WhiteElo "2224"]
[BlackElo "2063"]
[WhiteFideId "1114620"]
[BlackFideId "5002605"]
[EventDate "2017.12.02"]

1. e4 c5 2. Nf3 d6 3. Nc3 Nf6 4. d4 cxd4 5. Nxd4 g6 6. f3 Bg7 7. Be3 O-O 8. Qd2
Nc6 9. O-O-O d5 10. Nxc6 bxc6 11. e5 Ne8 12. f4 Qa5 13. Kb1 Rb8 14. Ka1 Bf5 15.
Qd4 f6 16. Qxa7 Qb4 17. Bb5 Rxb5 18. Nxb5 Qxb5 19. Qxe7 Bxc2 20. Rc1 Qa4 21. Bc5
Bf5 22. Qd8 fxe5 23. Bxf8 Kxf8 24. Qb6 e4 25. Rxc6 Bd4 26. Qb7 e3 27. Rcc1 Be6
28. Rhe1 Bf7 29. Qc6 Qb4 30. Rc3 Bg7 31. Rexe3 Bxc3 32. Qxc3 Qxc3 33. bxc3 Nd6
34. a4 Nc4 35. Re1 Be8 36. Rd1 Ke7 37. a5 Nxa5 38. Rxd5 Nc4 39. Rc5 Bf7 40. Rc7+
Kf6 41. g4 Be6 42. h3 h5 1/2-1/2